| 000 | 00732nam a2200217 a 4500 | ||
|---|---|---|---|
| 005 | 20231108063649.0 | ||
| 008 | 991125s1969 cam 000 0 eng u | ||
| 020 | _a674780418 | ||
| 035 | _aUPN01000052544 | ||
| 049 | _aCG | ||
| 050 | 4 |
_aLB1028.3 _bO3.7 |
|
| 100 | 1 | _aOettinger, Anthony G. | |
| 245 | 1 | 0 |
_aRun, computer, run : _bthe mythology of educational innovation ; an essay by anthony G. Oettinger ; with the collaboration of Sema Marks. |
| 260 |
_aCambridge, EUA : _bHarvard University, _c1969. |
||
| 300 |
_a302 p. : _bil. |
||
| 440 | 0 | _aHarvard studies in technology and society | |
| 650 | 4 |
_aInnovaciones educativas _9386 |
|
| 650 | 4 |
_aTecnologĂa educativa _94978 |
|
| 700 | 1 |
_aMarks, Sema, _ecoaut. |
|
| 905 | _aLibro | ||
| 999 |
_c52544 _d52544 |
||